000 00798nam a2200277 c 4500
003 BLK
005 20180420223913.0
008 180408b bul|||||r ||||||| ||bul||
010 _aKNG00076687000
040 _aBLK
041 _aENG
_cENG
080 _aАмериканска литература (на САЩ)
_b821.111(73)
_x-31
_z821.111(73)-31
100 1 _aEllison, Ralph
_eпърви автор
_99450
139 _aEllison, Ralph
_bE 46
245 1 0 _aInvisible Man
_cRalph Ellison.
257 _aUSA
260 Middlesex
_bPenguin Books
_c1965
300 _a469 p.
_c18 cm
380 _aX
490 1 _aPenguin Modern Classics
852 _aЦб І 17805
856 4 _qpdf
_u
856 4 _qpdf
_u
942 _cKNG
_n0
944 _aCR
_c30.07.2007
_kЦветанка_Енчева
944 _aED
_c02.08.2007
_k
999 _c72312
_d72312